Unravelling the thread the Gujadhurs of mauritius / (Record no. 42143)

MARC details
000 -LEADER
fixed length control field 00884nam a22002657a 4500
005 - DATE AND TIME OF LATEST TRANSACTION
control field 20100813115918.0
010 ## - LCCN (DPL NO)
LC control number ENG-100653
020 ## - INTERNATIONAL STANDARD BOOK NUMBER
Terms of availability 500.00
International Standard Book Number 9788190337106
020 ## - INTERNATIONAL STANDARD BOOK NUMBER
Terms of availability 500.00
International Standard Book Number 9788190337175
035 ## - SYSTEM CONTROL NUMBER
System control number EN-84186
037 ## - SOURCE OF ACQUISITION
Source of stock number/acquisition DBAD/PUB
082 ## - DEWEY DECIMAL CLASSIFICATION NUMBER
Classification number 921
100 ## - MAIN ENTRY--PERSONAL NAME
Personal name Sarup, Leela Gujadhur
245 ## - TITLE STATEMENT
Title Unravelling the thread the Gujadhurs of mauritius /
Statement of responsibility, etc by Leela Gujadhur Sarup
250 ## - EDITION STATEMENT
Edition statement 2nd ed.
260 ## - PUBLICATION, DISTRIBUTION, ETC. (IMPRINT)
Place of publication, distribution, etc Kolkata
Name of publisher, distributor, etc Aldrich International
Date of publication, distribution, etc 2008
270 ## - ADDRESS
City Kolkata
Postal code 700016
300 ## - PHYSICAL DESCRIPTION
Extent xi, 285p.
Dimensions 28cm (pbk)
Other physical details ill
500 ## - GENERAL NOTE
General note Includes bibliographical references
650 ## - SUBJECT ADDED ENTRY--TOPICAL TERM
Topical term or geographic name as entry element Industrialists mavritius biography
650 ## - SUBJECT ADDED ENTRY--TOPICAL TERM
Topical term or geographic name as entry element Gujuclhur family
700 ## - ADDED ENTRY--PERSONAL NAME
9 (RLIN) 13933
942 ## - ADDED ENTRY ELEMENTS (KOHA)
Source of classification or shelving scheme Dewey Decimal Classification
Item type English Books
Classification part 921
Call number suffix SAR
Holdings
Withdrawn status Lost status Not for loan Collection code Home library Current library Date acquired Source of acquisition Cost, normal purchase price Full call number Barcode Copy number Cost, replacement price Koha item type
    Not For Loan Non-fiction D.B.Act.Division D.B.Act.Division 16/08/2010 DBAD/PUB 500.00 921 SAR EN-84186 1 500.00 English Books

© Delhi Public Library
Hit Counter
free hit counter